00548 2200169 4500001002100000008004100021035002000062245011700082260006500199300003200264020001400296084002000310082001100330650001300341990001200354990001200366INLIS000000000000352 ind  a0010-0824000001 aMetodologi Penelitian KesehatanbPenuntun Latihan Metode PenelitiancBadan Penelitian dan Pengembangan Kesehatan aJakarta :bBadan Penelitian dan Pengembangan Kesehatanc1999 axiii, 296 halaman :c29 cm. a979-95496 a001.42 BAD m C2 a001.42 aResearch a0000545 a0000544